[Event "Madrid ch 2009-2010 Femenino"]
[Site "Madrid ESP"]
[Date "2009.10.16"]
[Round "1.1"]
[White "Pascual Palomo, Lucia"]
[Black "Useche Ramirez, Maryorit"]
[Result "1-0"]
[WhiteElo "2129"]
[BlackElo "1826"]
[PlyCount "49"]
[EventDate "2009.10.16"]
[EventType "swiss"]
[EventRounds "6"]
[EventCountry "ESP"]
[Source "lmi"]
[SourceDate "2009.10.16"]

1. e4 e5 2. Nf3 Nc6 3. d4 exd4 4. Nxd4 Qh4 5. Nc3 Bb4 6. Ndb5 Qxe4+ 7. Be2
Bxc3+ 8. bxc3 Kd8 9. O-O a6 10. Nd4 Nxd4 11. cxd4 Nf6 12. Bf3 Qg6 13. c4 d6 14.
Qb3 Rb8 15. c5 Be6 16. d5 Bg4 17. cxd6 cxd6 18. Qb6+ Kd7 19. Ba3 Ne8 20. Bxg4+
Qxg4 21. Rfe1 Qf4 22. g3 Qf6 23. Rac1 Qd8 24. Qb4 b5 25. Qg4+ 1-0

[Event "Madrid ch 2009-2010 Femenino"]
[Site "Madrid ESP"]
[Date "2009.10.16"]
[Round "1.2"]
[White "Morona Minguez, Irene"]
[Black "Rodrigo Yanguas, Maria"]
[Result "1/2-1/2"]
[WhiteElo "2123"]
[BlackElo "1801"]
[PlyCount "120"]
[EventDate "2009.10.16"]
[EventType "swiss"]
[EventRounds "6"]
[EventCountry "ESP"]
[Source "lmi"]
[SourceDate "2009.10.16"]

1. e4 e6 2. d3 d5 3. Nd2 Nf6 4. Ngf3 b6 5. g3 dxe4 6. dxe4 Bb7 7. Qe2 Ba6 8. c4
Nc6 9. e5 Nd7 10. Bg2 Nc5 11. O-O Bb7 12. Rd1 Qd3 13. Qxd3 Nxd3 14. Ne4 Rd8 15.
Nd6+ cxd6 16. Rxd3 dxe5 17. Nxe5 Nxe5 18. Rxd8+ Kxd8 19. Bxb7 Nxc4 20. Ba6 Ne5
21. Bf4 Bd6 22. Bxe5 Bxe5 23. Rd1+ Ke7 24. Bb5 Bd6 25. Rc1 g5 26. Ba6 Be5 27.
b3 Rd8 28. Re1 Bd4 29. Kg2 h5 30. Rc1 Bc5 31. Rc2 g4 32. h3 f5 33. hxg4 hxg4
34. f3 gxf3+ 35. Kxf3 Rg8 36. Re2 Rg6 37. Rg2 Rg4 38. Rh2 Bd6 39. Rh7+ Kf6 40.
Rh6+ Ke7 41. Bc8 Rxg3+ 42. Kf2 Rc3 43. Rxe6+ Kd8 44. Ba6 Kd7 45. Re2 f4 46. Rd2
Ke7 47. Bc4 Be5 48. a4 Rh3 49. Rd3 Rh2+ 50. Kf3 Rh1 51. Bb5 Rf1+ 52. Ke4 Re1+
53. Kf3 Rc1 54. Rd7+ Kf6 55. Rd3 Kf5 56. Rd7 Rc3+ 57. Rd3 Rc7 58. Rd7 Rc3+ 59.
Rd3 Rc1 60. Rd7 Rc3+ 1/2-1/2

[Event "Madrid ch 2009-2010 Femenino"]
[Site "Madrid ESP"]
[Date "2009.10.16"]
[Round "1.3"]
[White "Collado Barbas, Laura"]
[Black "Monge Gilgado, Eva Maria"]
[Result "1-0"]
[WhiteElo "2082"]
[BlackElo "1755"]
[PlyCount "53"]
[EventDate "2009.10.16"]
[EventType "swiss"]
[EventRounds "6"]
[EventCountry "ESP"]
[Source "lmi"]
[SourceDate "2009.10.16"]

1. d4 e6 2. c4 d5 3. Nc3 Nf6 4. cxd5 exd5 5. Bg5 c6 6. Qc2 Bd6 7. e3 Nbd7 8.
Bd3 Qc7 9. Nge2 O-O 10. h3 Re8 11. O-O-O a6 12. g4 h6 13. Bh4 g5 14. Bg3 Bxg3
15. Nxg3 Nb6 16. Rdg1 Kf8 17. Nf5 Bxf5 18. Bxf5 Nc4 19. h4 Ke7 20. hxg5 hxg5
21. Rh6 Rh8 22. Rgh1 Rxh6 23. Rxh6 Qd8 24. Qd1 Qf8 25. Qh1 Nd6 26. Qh2 Nxf5 27.
Qe5+ 1-0

[Event "Madrid ch 2009-2010 Femenino"]
[Site "Madrid ESP"]
[Date "2009.10.16"]
[Round "1.4"]
[White "Zea Ruiz, Elena"]
[Black "Cerrato Torrijos, Maria"]
[Result "0-1"]
[WhiteElo "1642"]
[BlackElo "1988"]
[PlyCount "70"]
[EventDate "2009.10.16"]
[EventType "swiss"]
[EventRounds "6"]
[EventCountry "ESP"]
[Source "lmi"]
[SourceDate "2009.10.16"]

1. d4 Nf6 2. c4 e6 3. Nc3 Bb4 4. Nf3 b6 5. Bg5 h6 6. Bh4 g5 7. Bg3 Ne4 8. Qc2
Bb7 9. e3 d6 10. Rc1 Nd7 11. Bd3 f5 12. O-O Bxc3 13. bxc3 h5 14. h3 Nxg3 15.
fxg3 g4 16. Nh4 Qg5 17. Qf2 gxh3 18. gxh3 O-O-O 19. Rce1 Nf6 20. Kh2 Ne4 21.
Bxe4 Bxe4 22. Qf4 Qg7 23. d5 exd5 24. cxd5 Rhf8 25. c4 Qb2+ 26. Qf2 Qb4 27. Rc1
Kb8 28. Qe2 Rde8 29. Qxh5 Qd2+ 30. Kg1 Qxe3+ 31. Kh2 Qd2+ 32. Kg1 Rg8 33. g4
Rh8 34. Qg6 fxg4 35. hxg4 Bxg6 0-1

[Event "Madrid ch 2009-2010 Femenino"]
[Site "Madrid ESP"]
[Date "2009.10.17"]
[Round "2.1"]
[White "Cerrato Torrijos, Maria"]
[Black "Pascual Palomo, Lucia"]
[Result "1-0"]
[WhiteElo "1988"]
[BlackElo "2129"]
[PlyCount "71"]
[EventDate "2009.10.16"]
[EventType "swiss"]
[EventRounds "6"]
[EventCountry "ESP"]
[Source "lmi"]
[SourceDate "2009.10.16"]

1. e4 e6 2. d4 d5 3. Nd2 Nf6 4. e5 Nfd7 5. c3 c5 6. Bd3 Nc6 7. Ne2 cxd4 8. cxd4
f6 9. exf6 Nxf6 10. Nf3 Bd6 11. O-O O-O 12. Bf4 Bxf4 13. Nxf4 Ne4 14. Qc1 Qd6
15. g3 e5 16. dxe5 Nxe5 17. Nxe5 Qxe5 18. Qc2 Ng5 19. Qe2 Qxe2 20. Bxe2 Bf5 21.
h4 Ne4 22. Rfd1 h6 23. Rac1 Rae8 24. Bb5 Re5 25. Rxd5 Rxd5 26. Nxd5 Be6 27. Bc4
Nxf2 28. Ne7+ Kf7 29. Bxe6+ Kxe6 30. Ng6 Nh3+ 31. Kg2 Rf6 32. Kxh3 Rxg6 33. Rc7
b6 34. Rxa7 Kd5 35. Rc7 Ke4 36. b4 1-0

[Event "Madrid ch 2009-2010 Femenino"]
[Site "Madrid ESP"]
[Date "2009.10.17"]
[Round "2.3"]
[White "Rodrigo Yanguas, Maria"]
[Black "Pablos Tenrero, Raquel"]
[Result "1-0"]
[WhiteElo "2123"]
[BlackElo "1859"]
[PlyCount "93"]
[EventDate "2009.10.16"]
[EventType "swiss"]
[EventRounds "6"]
[EventCountry "ESP"]
[Source "lmi"]
[SourceDate "2009.10.16"]

1. e4 e5 2. Nf3 Nc6 3. Bc4 Bc5 4. b4 Bb6 5. a4 a6 6. Nc3 Nf6 7. Nd5 Nxd5 8.
exd5 Nd4 9. Nxd4 Bxd4 10. c3 Bb6 11. O-O O-O 12. Kh1 d6 13. f4 Qh4 14. g3 Qg4
15. Be2 Qg6 16. d3 Bh3 17. Bh5 Qf6 18. Re1 exf4 19. Bxf4 Qxc3 20. a5 Ba7 21.
Rc1 Qxb4 22. Rxc7 Qxa5 23. Rxb7 Qa2 24. Qf3 Qf2 25. Qxf2 Bxf2 26. Ree7 g6 27.
Bf3 Bc5 28. Bh6 Rfe8 29. Bg5 Rxe7 30. Bxe7 a5 31. d4 Bb4 32. Kg1 Rc8 33. g4
Rc1+ 34. Kf2 Be1+ 35. Ke3 Bb4 36. Kf4 Bd2+ 37. Kg3 Bf1 38. Rb8+ Kg7 39. g5 Be1+
40. Kg4 h5+ 41. gxh6+ Kxh6 42. Bf6 g5 43. Bxg5+ Kg6 44. Bxc1 f5+ 45. Kf4 Bh4
46. Rg8+ Kf7 47. Rg1 1-0

[Event "Madrid ch 2009-2010 Femenino"]
[Site "Madrid ESP"]
[Date "2009.10.17"]
[Round "2.4"]
[White "Useche Ramirez, Maryorit"]
[Black "Morona Minguez, Irene"]
[Result "1-0"]
[WhiteElo "1826"]
[BlackElo "1801"]
[PlyCount "111"]
[EventDate "2009.10.16"]
[EventType "swiss"]
[EventRounds "6"]
[EventCountry "ESP"]
[Source "lmi"]
[SourceDate "2009.10.16"]

1. e4 c5 2. d3 Nc6 3. g3 g6 4. Bg2 Bg7 5. f4 e5 6. fxe5 Nxe5 7. Nf3 Ne7 8. O-O
O-O 9. Nbd2 N7c6 10. Nxe5 Nxe5 11. Nf3 d6 12. c3 Be6 13. Kh1 Qd7 14. d4 Nxf3
15. Bxf3 cxd4 16. cxd4 d5 17. e5 Bf5 18. Qb3 Rad8 19. Be3 f6 20. exf6 Bxf6 21.
Rac1 Bg4 22. Rc5 Bxf3+ 23. Rxf3 Qg4 24. Rf4 Qe6 25. Bg1 g5 26. Rf3 Bxd4 27.
Rxf8+ Rxf8 28. Qxd5 Qxd5+ 29. Rxd5 Bxb2 30. Rxg5+ Bg7 31. Bxa7 Rd8 32. a4 Kf7
33. Bb6 Rd1+ 34. Kg2 Rd2+ 35. Kh3 Ra2 36. a5 Re2 37. Rf5+ Kg6 38. Rc5 Re7 39.
Kg4 h6 40. Rc7 Rxc7 41. Bxc7 Bc3 42. h4 Bd2 43. h5+ Kf6 44. Kf3 Bb4 45. g4 Bc3
46. Bd8+ Kf7 47. Kf4 Bd2+ 48. Kf5 Be3 49. g5 hxg5 50. Bxg5 Bd4 51. Bd2 b5 52.
a6 Ke7 53. h6 Kd7 54. h7 Kc6 55. Bb4 Kb6 56. Bc5+ 1-0

[Event "Madrid ch 2009-2010 Femenino"]
[Site "Madrid ESP"]
[Date "2009.10.17"]
[Round "2.5"]
[White "Monge Gilgado, Eva Maria"]
[Black "Zea Ruiz, Elena"]
[Result "1-0"]
[WhiteElo "1755"]
[BlackElo "1642"]
[PlyCount "40"]
[EventDate "2009.10.16"]
[EventType "swiss"]
[EventRounds "6"]
[EventCountry "ESP"]
[Source "lmi"]
[SourceDate "2009.10.16"]

1. e4 e5 2. f4 d6 3. Nf3 Nd7 4. Bc4 c6 5. Ng5 Nh6 6. O-O Be7 7. Qh5 O-O 8. d3
exf4 9. Bxf4 Qb6+ 10. Kh1 Qxb2 11. Nd2 Nf6 12. Qd1 b5 13. Rb1 Qa3 14. Bb3 a5
15. c4 a4 16. Bc2 Bg4 17. Ngf3 Rfb8 18. e5 dxe5 19. Bxe5 Rb6 20. h3 Bh5 1-0

[Event "Madrid ch 2009-2010 Femenino"]
[Site "Madrid ESP"]
[Date "2009.10.23"]
[Round "3.1"]
[White "Collado Barbas, Laura"]
[Black "Cerrato Torrijos, Maria"]
[Result "1/2-1/2"]
[WhiteElo "2082"]
[BlackElo "1988"]
[PlyCount "107"]
[EventDate "2009.10.16"]
[EventType "swiss"]
[EventRounds "6"]
[EventCountry "ESP"]
[Source "lmi"]
[SourceDate "2009.10.16"]

1. d4 Nf6 2. c4 g6 3. Nc3 d5 4. Nf3 Bg7 5. Bg5 dxc4 6. e4 c5 7. d5 b5 8. Bxf6
Bxf6 9. e5 Bg7 10. Nxb5 Nd7 11. Bxc4 Nxe5 12. Nxe5 Bxe5 13. Qd2 O-O 14. O-O a6
15. Nc3 Rb8 16. b3 Qd6 17. f4 Bd4+ 18. Kh1 Bf5 19. Rae1 Rb7 20. Ne2 Bg7 21. Ng3
Bc8 22. Qa5 Qc7 23. Qxc7 Rxc7 24. Re2 Rd8 25. f5 gxf5 26. Nxf5 Bxf5 27. Rxf5 a5
28. Ref2 Rf8 29. g4 Rd7 30. R2f3 Rd6 31. Re3 Re8 32. a4 Kf8 33. g5 Rc8 34. Ref3
f6 35. Rh3 Kg8 36. Re3 Kf7 37. Rf4 Rc7 38. Rh3 Kg8 39. Bd3 Kf8 40. Bc4 Kg8 41.
Bd3 Kf8 42. Rxh7 Rxd5 43. gxf6 exf6 44. Bc4 Re5 45. Rxf6+ Bxf6 46. Rxc7 Rf5 47.
Rc8+ Kg7 48. Rg8+ Kh6 49. Ra8 Bc3 50. h3 Kg5 51. Kg2 Kf4 52. Rg8 Rg5+ 53. Rxg5
Kxg5 54. Kf3 1/2-1/2

[Event "Madrid ch 2009-2010 Femenino"]
[Site "Madrid ESP"]
[Date "2009.10.23"]
[Round "3.2"]
[White "Pascual Palomo, Lucia"]
[Black "Rodrigo Yanguas, Maria"]
[Result "0-1"]
[WhiteElo "2129"]
[BlackElo "2123"]
[PlyCount "58"]
[EventDate "2009.10.16"]
[EventType "swiss"]
[EventRounds "6"]
[EventCountry "ESP"]
[Source "lmi"]
[SourceDate "2009.10.16"]

1. e4 e6 2. d4 d5 3. Nc3 Nf6 4. e5 Nfd7 5. f4 c5 6. Nf3 Nc6 7. Be3 a6 8. Qd2 b5
9. dxc5 Bxc5 10. Bxc5 Nxc5 11. Qf2 Qb6 12. Be2 Bb7 13. O-O O-O-O 14. a4 d4 15.
axb5 axb5 16. Nxb5 Ne4 17. Nd6+ Rxd6 18. Qe1 d3+ 19. Kh1 d2 20. Qh4 Rdd8 21.
Rad1 h6 22. Bd3 g5 23. fxg5 Nxg5 24. Nxd2 Nxe5 25. Rf4 Rhg8 26. Rg1 Ngf3 27.
Nxf3 Nxf3 28. Rc4+ Kb8 29. Qf4+ e5 0-1

[Event "Madrid ch 2009-2010 Femenino"]
[Site "Madrid ESP"]
[Date "2009.10.25"]
[Round "4.1"]
[White "Rodrigo Yanguas, Maria"]
[Black "Collado Barbas, Laura"]
[Result "1-0"]
[WhiteElo "2123"]
[BlackElo "2082"]
[PlyCount "51"]
[EventDate "2009.10.16"]
[EventType "swiss"]
[EventRounds "6"]
[EventCountry "ESP"]
[Source "lmi"]
[SourceDate "2009.10.16"]

1. e4 e6 2. d4 d5 3. Nd2 Nc6 4. Ngf3 Nf6 5. e5 Nd7 6. c3 f6 7. exf6 Qxf6 8. Bd3
Bd6 9. O-O O-O 10. b4 Ne7 11. Qb3 Kh8 12. c4 c6 13. Bb2 Bf4 14. Rae1 Ng6 15.
Qc2 Bxd2 16. Nxd2 Nf4 17. Re3 Qh6 18. Rg3 Nf6 19. Bc1 N6h5 20. Nf3 Qf6 21. Bxf4
Nxf4 22. Bxh7 Ne2+ 23. Qxe2 Kxh7 24. Ng5+ Kg8 25. Qh5 Rd8 26. Qh7+ 1-0

[Event "Madrid ch 2009-2010 Femenino"]
[Site "Madrid ESP"]
[Date "2009.10.25"]
[Round "4.2"]
[White "Cerrato Torrijos, Maria"]
[Black "Pablos Tenrero, Raquel"]
[Result "1-0"]
[WhiteElo "1988"]
[BlackElo "1859"]
[PlyCount "77"]
[EventDate "2009.10.16"]
[EventType "swiss"]
[EventRounds "6"]
[EventCountry "ESP"]
[Source "lmi"]
[SourceDate "2009.10.16"]

1. e4 e5 2. Nf3 Nc6 3. Bb5 a6 4. Ba4 Nf6 5. O-O Be7 6. Re1 b5 7. Bb3 d6 8. c3
O-O 9. d4 Bg4 10. Be3 exd4 11. cxd4 Na5 12. Nc3 Nxb3 13. Qxb3 c5 14. dxc5 dxc5
15. e5 Be6 16. exf6 Bxb3 17. fxe7 Qxe7 18. axb3 Rfe8 19. Nd5 Qb7 20. Nf4 c4 21.
Nd4 Rad8 22. Rec1 cxb3 23. Nxb3 Rc8 24. Nc5 Qe7 25. h3 Qe5 26. b4 Ra8 27. Ra2
Rec8 28. Rd1 Rd8 29. Rad2 Rxd2 30. Rxd2 Qa1+ 31. Kh2 a5 32. bxa5 Qxa5 33. Rd7
b4 34. Nfd3 Qb5 35. Rb7 Qc6 36. Rxb4 h6 37. Rb7 Rd8 38. Ne5 Rd5 39. Nxc6 1-0

[Event "Madrid ch 2009-2010 Femenino"]
[Site "Madrid ESP"]
[Date "2009.10.24"]
[Round "4.3"]
[White "Useche Ramirez, Maryorit"]
[Black "Monge Gilgado, Eva Maria"]
[Result "0-1"]
[WhiteElo "1826"]
[BlackElo "1755"]
[PlyCount "100"]
[EventDate "2009.10.16"]
[EventType "swiss"]
[EventRounds "6"]
[EventCountry "ESP"]
[Source "lmi"]
[SourceDate "2009.10.16"]

1. e4 c5 2. d3 Nc6 3. g3 g6 4. Bg2 Bg7 5. f4 d6 6. Nf3 e5 7. fxe5 Nxe5 8. Nbd2
Bg4 9. O-O Ne7 10. h3 Be6 11. Ng5 O-O 12. Ndf3 Rb8 13. c3 N7c6 14. Nxe5 Nxe5
15. Be3 b5 16. d4 Nc4 17. Nxe6 fxe6 18. Qe2 Nxe3 19. Qxe3 cxd4 20. cxd4 Qb6 21.
Rad1 Rxf1+ 22. Bxf1 e5 23. Qb3+ Kh8 24. Qd5 exd4 25. Bd3 Qc5 26. Qf7 Rf8 27.
Qb7 Qh5 28. Rf1 Qxh3 29. Rxf8+ Bxf8 30. Bxb5 Qxg3+ 31. Kf1 Qf3+ 32. Ke1 h5 33.
Qd5 Qf6 34. Bc4 Kh7 35. Qb7+ Bg7 36. Bd3 h4 37. Qd7 Qe5 38. Qg4 Qh2 39. Kf1 Be5
40. b4 Qh1+ 41. Ke2 Bg3 42. Bc4 Qe1+ 43. Kd3 Qe3+ 44. Kc2 Qc3+ 45. Kd1 Qxc4 46.
Qd7+ Kh6 47. Qxa7 Qd3+ 48. Kc1 Bf4+ 49. Kb2 Qc3+ 50. Kb1 Qc1# 0-1

[Event "Campeonato de Madrid femenino"]
[Site "?"]
[Date "2009.10.30"]
[Round "5.1"]
[White "Cerrato Torrijos, Maria"]
[Black "Rodrigo Yanguas, Maria"]
[Result "0-1"]
[WhiteElo "1988"]
[BlackElo "2123"]
[PlyCount "52"]
[EventDate "2009.10.30"]
[SourceDate "2009.10.30"]

1. e4 e6 2. d4 d5 3. Nc3 Nf6 4. e5 Nfd7 5. Nf3 c5 6. dxc5 Nc6 7. Bf4 Bxc5 8.
Bd3 Nb4 9. h4 a6 10. h5 b5 11. Ne2 Qb6 12. Bg3 Bb7 13. Rh4 f6 14. exf6 gxf6 15.
Rg4 O-O-O 16. Qd2 Nc6 17. Rg7 f5 18. Ng5 Nce5 19. Bxe5 Bxf2+ 20. Kd1 Nxe5 21.
Qc3+ Nc4 22. Nf7 b4 23. Qf6 Qe3 24. Bxc4 dxc4+ 25. Qxd8+ Rxd8+ 26. Nxd8 c3 0-1

[Event "Campeonato de Madrid femenino"]
[Site "?"]
[Date "2009.10.30"]
[Round "5.2"]
[White "Monge Gilgado, Eva Maria"]
[Black "Pascual Palomo, Lucia"]
[Result "0-1"]
[WhiteElo "1755"]
[BlackElo "2129"]
[PlyCount "74"]
[SourceDate "2009.10.30"]

1. e4 e6 2. Qe2 e5 3. Nf3 Nc6 4. g3 Bc5 5. Bg2 d6 6. O-O Bg4 7. c3 Nf6 8. d3
O-O 9. Be3 a5 10. Nbd2 Qe7 11. a4 Nd7 12. Nb3 Qe6 13. Qc2 Bb6 14. d4 Qf6 15.
dxe5 Ncxe5 16. Nxe5 dxe5 17. Bxb6 Qxb6 18. Nd2 Be6 19. Rfd1 Rad8 20. Rab1 Nc5
21. b4 axb4 22. cxb4 Nd3 23. Nf3 Nxb4 24. Rxd8 Rxd8 25. Qc3 c5 26. Nxe5 Qa7 27.
Bf1 Rd4 28. Qe3 Qxa4 29. Nf3 Nc2 30. Rxb7 Qa8 31. Qg5 Rd1 32. Qe7 h6 33. Kg2
Ne3+ 34. fxe3 Qa2+ 35. Kg1 Qe2 36. Qe8+ Kh7 37. Qb5 Rxf1# 0-1

[Event "Campeonato de Madrid femenino"]
[Site "?"]
[Date "2009.10.30"]
[Round "5.3"]
[White "Collado Barbas, Laura"]
[Black "Useche Ramirez, Maryorit"]
[Result "1-0"]
[WhiteElo "2082"]
[BlackElo "1826"]
[PlyCount "71"]
[SourceDate "2009.10.30"]

1. d4 d5 2. c4 e6 3. Nc3 Bb4 4. Qc2 dxc4 5. Nf3 Nc6 6. e3 b5 7. a4 Ba6 8. axb5
Bxb5 9. Nd2 Bxc3 10. bxc3 Nf6 11. Ba3 Ne7 12. e4 Qd7 13. Nxc4 Qc6 14. Ne5 Qa6
15. Bxb5+ Qxb5 16. f3 Nd7 17. Nd3 f6 18. O-O Nb6 19. Rfb1 Qg5 20. Nc5 e5 21.
Ne6 Qe3+ 22. Kh1 Kd7 23. d5 Ng6 24. Bc5 Qh6 25. Qb3 Ne7 26. Rd1 Rhc8 27. Qb5+
c6 28. dxc6+ Ke8 29. Bxb6 axb6 30. Rxa8 Rxa8 31. Nc7+ Kf7 32. Nxa8 Qe3 33. Qd3
Qc5 34. c7 Qc6 35. Qd8 b5 36. c8=Q 1-0